Texto y atlas de histología / (Registro nro. 750)

Detalles MARC
000 -LEADER
fixed length control field 01399 am a2200421 a 4500
005 - FECHA ULTIMA MODIFICACION
control field 20240628080330.0
008 - CAMPO DE CONTROL (LIBRO)
fixed length control field 100922s1995||||sp a f |||| 001 0 spa d
020 ## - INTERNATIONAL STANDARD BOOK NUMBER
ISBN 8480861053
041 ## - CODIGO DE IDIOMA
Código de idioma del texto/pista de sonido o título separado spa
092 ## - SIGNATURA TOPOGRAFICA DEWEY LOCAL
número de clasificación 611.018
libristica 81
sección STE
100 1# - ENTRADA PRINCIPAL--NOMBRE PERSONAL
Nombre personal Stevens, Alan.
9 (RLIN) 945
245 ## - TITULO PROPIAMENTE DICHO
Título Texto y atlas de histología /
Mención de responsabilidad y remanente de la transcripción de la portada Alan Stevens
250 ## - MENCION DE EDICION
Mención de edición 1a ed. 1a reimp.
Mención de responsabilidad relacionada con la ed. Traducción José A. Dominguez Delgado ; Angeles Peiro Grasa y Eduard Ybran Fadrique.
260 ## - PIE DE IMPRENTA
Lugar de publicación, distribución, etc Madrid:
Nombre de la editorial, distribuidor, etc Mosby ; Doyma;
Fecha de publicación 1995.
300 ## - DESCRIPCION FISICA
Extension 378 p.
Otros detalles físicos il.
500 ## - NOTA GENERAL
Nota general Stevens, A. y Lowe, J. (1995). Texto y atlas de histología. (1a ed.). Madrid : Mosby ; Doyma.
653 ## - TÉRMINO INDIZADO - PALABRAS CLAVES
Palabra clave Célula
653 ## - TÉRMINO INDIZADO - PALABRAS CLAVES
Palabra clave Células epiteliales
653 ## - TÉRMINO INDIZADO - PALABRAS CLAVES
Palabra clave Células de sostén y matriz extracelular
653 ## - TÉRMINO INDIZADO - PALABRAS CLAVES
Palabra clave Células contráctiles
653 ## - TÉRMINO INDIZADO - PALABRAS CLAVES
Palabra clave Células sanguíneas
653 ## - TÉRMINO INDIZADO - PALABRAS CLAVES
Palabra clave Sistema inmunitario
653 ## - TÉRMINO INDIZADO - PALABRAS CLAVES
Palabra clave Sistemas circulatorios sanguíneo y linfático
653 ## - TÉRMINO INDIZADO - PALABRAS CLAVES
Palabra clave Sistema respiratorio
653 ## - TÉRMINO INDIZADO - PALABRAS CLAVES
Palabra clave Tracto alimentario
653 ## - TÉRMINO INDIZADO - PALABRAS CLAVES
Palabra clave Sistema hepatobiliar
653 ## - TÉRMINO INDIZADO - PALABRAS CLAVES
Palabra clave Sentidos especiales
653 ## - TÉRMINO INDIZADO - PALABRAS CLAVES
Palabra clave Sistema nervioso
653 ## - TÉRMINO INDIZADO - PALABRAS CLAVES
Palabra clave Sistema musculoesquelético
653 ## - TÉRMINO INDIZADO - PALABRAS CLAVES
Palabra clave Sistema endocrino
653 ## - TÉRMINO INDIZADO - PALABRAS CLAVES
Palabra clave Sistema urinario
653 ## - TÉRMINO INDIZADO - PALABRAS CLAVES
Palabra clave Sistema reproductor masculino
653 ## - TÉRMINO INDIZADO - PALABRAS CLAVES
Palabra clave Sistema reproductor femenino
653 ## - TÉRMINO INDIZADO - PALABRAS CLAVES
Palabra clave Piel y mama
700 1# - ENTRADAS SECUNDARIAS - NOMBRE PERSONAL
Nombre personal Lowe, James.
9 (RLIN) 946
930 ## - NUMERO DE INVENTARIO
Número de inventario 337
942 ## - ADDED ENTRY ELEMENTS (KOHA)
Source of classification or shelving scheme Dewey Decimal Classification
Item type Libros
Existencias
Estado de retiro Existencia Fuente de clasificación Estado general No para prestamo Colección Ubicación permanente ubicación actual Sala de ubicación Fecha de adquisición Total Checkouts Número de clasificación Código de barras Date last seen Date last borrowed Número de ejemplar Price effective from Koha tipo de elemento (item) Public note
    Dewey Decimal Classification     Reference Biblioteca Medicina Biblioteca Medicina Referencia 13/05/2011 7 611.018 81 STE 337 29/10/2018 25/10/2018 ej.1 07/09/2011 Reference LIBRO DE CONSULTA

UNIVERSIDAD NACIONAL DEL COMAHUE
Biblioteca de la Facultad de Ciencias Médicas
Sede Toschi: Los Arrayanes y Av. Toschi, Cipolletti  - Rio Negro
Sede Los Tordos:  Yrigoyen al 2211, Cipolletti - Rio Negro 

Teléfono: 0299 - 4774707 int 25
Contacto: biblioteca@facimed.uncoma.edu.ar
© 2011 - 2026